| 000 | 004450000a22001810004500 | ||
|---|---|---|---|
| 003 | MACL | ||
| 005 | 20150705113906.0 | ||
| 008 | 150705b xxu||||| |||| 00| 0 eng d | ||
| 040 |
_aMACL _cMACL |
||
| 041 | _aEnglish | ||
| 082 | _a306/PRA | ||
| 100 |
_aPrasad, Maheshwari _9721 |
||
| 245 |
_aTribes _bTheir Environments And Culture |
||
| 260 |
_bAmar Prakashan _c1987 _aDelhi |
||
| 350 | _a250 | ||
| 650 |
_aSociology _919 |
||
| 942 |
_cBK _k306 _2ddc |
||
| 999 |
_c5385 _d5385 |
||